00321 a2200109 4500003000500000005001700005040000900022245005000031260003200081650007300113651002500186Nust20170207154559.0 cNust aIndep Day (Photo Album Vol No. 2, 2003)cMCS aRawalpindibMCSc14-08-2003 aPictures of Indep Day in MCS,(Photo Album Vol No. 2, 2003,CD-NO-11) a Sweet Memories-MCS